Daňové ocenenie obchodného majetku

Daňové ocenenie majetku na účely určenia vstupnej ceny majetku napr. pri jeho vložení do obchodného majetku upravuje § 25 zákona č. 595/2003 Z. z. o dani z príjmov v z. n. p. Z takto určenej vstupnej ceny následne daňovník majetok aj odpisuje, čo je vlastne postupné zahrnutie vstupnej ceny majetku...

ver descrição completa

Na minha lista:
Detalhes bibliográficos
Autor principal: Brnová, Miroslava
Formato: Capítulo de Livro
Idioma:eslovaco
Assuntos:
Tags: Adicionar Tag
Sem tags, seja o primeiro a adicionar uma tag!

MARC

LEADER 00000naa a2200000 4500
001 0238333
005 20171221063521.8
041 0 |a slo 
044 |a SK 
245 1 0 |a Daňové ocenenie obchodného majetku  |c Miroslava Brnová 
520 |a Daňové ocenenie majetku na účely určenia vstupnej ceny majetku napr. pri jeho vložení do obchodného majetku upravuje § 25 zákona č. 595/2003 Z. z. o dani z príjmov v z. n. p. Z takto určenej vstupnej ceny následne daňovník majetok aj odpisuje, čo je vlastne postupné zahrnutie vstupnej ceny majetku do daňových výdavkov. 
610 2 0 |a majetok obchodný 
610 2 0 |a oceňovanie 
610 2 0 |a dane z príjmov 
610 2 0 |a výdavky daňové 
100 1 |a Brnová, Miroslava